| 000 | 00550nam a2200193Ia 4500 | ||
|---|---|---|---|
| 003 | OSt | ||
| 005 | 20260406151522.0 | ||
| 008 | 210210b1998 xxu||||| |||| 00| 0 eng d | ||
| 040 | _cAL | ||
| 041 | _aHindi | ||
| 082 | _aH891.3 VARP | ||
| 100 |
_aVARMA (Shyamji). _dवर्मा (श्याम जी) _9260319 |
||
| 245 |
_aPanchtantr ki kahaniyan. _bपंचतंत्र की कहानियाँ |
||
| 260 |
_aDilli _bJnan Ganga _c1998 |
||
| 300 | _a138 | ||
| 690 |
_aHindi Fiction _9260320 |
||
| 906 | _a055147 | ||
| 942 |
_2ddc _cBK |
||
| 999 |
_c102968 _d102968 |
||